000 00713nam a2200241 i 4500
001 91903
003 ES-MaACL
005 20230906180841.0
007 t|
008 050303s2004 sp ||||1| spa d
020 _a84-95418-48-7
080 _a821.134.2-2"19"
100 1 _aAub, Max,
_d1903-1972
_923783
245 1 0 _aDe algún tiempo a esta parte /
_cMax Aub.
260 _aCastellón :
_bFundación Max Aub,
_c[2004]
300 _a71 p. ;
_c20 cm.
534 _pReprod. facs. de la ed. de:
_c-- México : Tezontle, 1949.
655 7 _2tgfbne
_9226495
_aFacsímiles
710 2 _aFundación Max Aub.
_94367
852 _aES-MaACL
_jL-28950
_bR.135395
942 _2udc
999 _c91903
_d91903